书目信息 |
| 题名: |
建筑防水新技术
|
|
| 作者: | 李承刚 主编 | |
| 分册: | ||
| 出版信息: | 北京 中国环境科学出版社 1996.03 |
|
| 页数: | 203页 | |
| 开本: | 16开 | |
| 丛书名: | ||
| 单 册: | ||
| 中图分类: | TU761.1 | |
| 科图分类: | ||
| 主题词: | 建筑工程--工程施工 | |
| 电子资源: | ||
| ISBN: | 7-80093-862-X | |
| 000 | 00570nam0 2200193 45 | |
| 001 | 0007191664 | |
| 005 | 20000719162505.5 | |
| 010 | @a7-80093-862-X@d17.00元 | |
| 100 | @a20000719d1996 km y0chiy0120 ea | |
| 101 | 0 | @achi |
| 105 | @a z 000yy | |
| 200 | 1 | @a建筑防水新技术@AJian Zhu Fang Shui Xin Ji Shu@f李承刚主编@FLi Cheng Gang Zhu Bian |
| 210 | @a北京@c中国环境科学出版社@d1996.03 | |
| 215 | @a203页@d16开 | |
| 606 | 0 | @a建筑工程@x工程施工 |
| 690 | @aTU761.1@v3 | |
| 701 | 0 | @a李承刚@4主编 |
| 801 | @aCN@bPftUser@c20000719 | |
| 905 | @b70742-761@dTU761.1@eL263@f20 | |
| 建筑防水新技术/李承刚主编.-北京:中国环境科学出版社,1996.03 |
| 203页;16开 |
| ISBN 7-80093-862-X:17.00元 |
| ● |
| 相关链接 |
|
|
|
正题名:建筑防水新技术
索取号:TU761.1/L263
 
预约/预借
| 序号 | 登录号 | 条形码 | 馆藏地/架位号 | 状态 | 备注 |
| 1 | 70742 | 200707422 | 建筑库201/201建筑库 44排6列3层/ [索取号:TU761.1/L263] | 在馆 | |
| 2 | 70743 | 200707431 | 自科二线404/404自科库 26排1列6层/ [索取号:TU761.1/L263] | 在馆 | |
| 3 | 70744 | 200707440 | 自科二线404/404自科库 2排5列4层/ [索取号:TU761.1/L263] | 在馆 | |
| 4 | 70745 | 200707459 | 自科二线404/404自科库 2排5列5层/ [索取号:TU761.1/L263] | 在馆 | |
| 5 | 70746 | 200707468 | 建筑库201/201建筑库 44排6列3层/ [索取号:TU761.1/L263] | 在馆 | |
| 6 | 70747 | 200707477 | 自科二线404/404自科库 2排5列5层/ [索取号:TU761.1/L263] | 在馆 | |
| 7 | 70748 | 200707486 | 自科二线404/404自科库 9排1列5层/ [索取号:TU761.1/L263] | 在馆 | |
| 8 | 70749 | 200707495 | 自科二线404/404自科库 26排1列6层/ [索取号:TU761.1/L263] | 在馆 | |
| 9 | 70750 | 200707501 | 自科二线404/404自科库 2排5列4层/ [索取号:TU761.1/L263] | 在馆 | |
| 10 | 70751 | 200707510 | 建筑库201/201建筑库 44排6列3层/ [索取号:TU761.1/L263] | 在馆 | |
| 11 | 70752 | 200707529 | 自科二线404/404自科库 9排1列5层/ [索取号:TU761.1/L263] | 在馆 | |
| 12 | 70753 | 200707538 | 建筑库201/201建筑库 44排6列3层/ [索取号:TU761.1/L263] | 在馆 | |
| 13 | 70754 | 200707547 | 自科二线404/404自科库 2排5列5层/ [索取号:TU761.1/L263] | 在馆 | |
| 14 | 70755 | 200707556 | 自科二线404/404自科库 9排1列5层/ [索取号:TU761.1/L263] | 在馆 | |
| 15 | 70756 | 200707565 | 自科二线404/404自科库 9排1列5层/ [索取号:TU761.1/L263] | 在馆 | |
| 16 | 70757 | 200707574 | 自科二线404/404自科库 9排1列5层/ [索取号:TU761.1/L263] | 在馆 | |
| 17 | 70758 | 200707583 | 自科二线404/404自科库 9排1列5层/ [索取号:TU761.1/L263] | 在馆 | |
| 18 | 70759 | 200707592 | 自科二线404/404自科库 9排1列5层/ [索取号:TU761.1/L263] | 在馆 | |
| 19 | 70760 | 200707609 | 自科二线404/404自科库 9排1列5层/ [索取号:TU761.1/L263] | 在馆 | |
| 20 | 70761 | 200707618 | 自科二线404/404自科库 9排1列5层/ [索取号:TU761.1/L263] | 在馆 |